[Event "3. Campeonato de la Unión Europea"]
[Site "Arvier ITA"]
[Date "2007.06.15"]
[Round "1.1"]
[White "Luther, Thomas"]
[Black "Agrest, Inna"]
[Result "1-0"]
[WhiteElo "2586"]
[BlackElo "2069"]
[PlyCount "67"]
[EventDate "2007.06.15"]
[EventType "swiss"]
[EventRounds "10"]
[EventCountry "ITA"]
[Source "lmi"]
[SourceDate "2007.06.15"]

1. e4 e5 2. Nf3 Nc6 3. Bb5 a6 4. Ba4 Nf6 5. O-O b5 6. Bb3 Bc5 7. c3 O-O 8. d4
Bb6 9. dxe5 Ng4 10. Bf4 Qe8 11. Bd5 Rb8 12. Bxc6 dxc6 13. Bg3 f6 14. exf6 Nxf6
15. Nbd2 Nh5 16. Kh1 Bg4 17. Qc2 Rd8 18. h3 Bc8 19. Bh2 Nf4 20. Rad1 Qh5 21.
Bxf4 Rxf4 22. Ng1 Rdf8 23. Qd3 Bxf2 24. Ndf3 Bc5 25. Nd4 R4f6 26. Rxf6 Rxf6 27.
Rf1 Rxf1 28. Qxf1 Bd7 29. Qd3 Qf7 30. Ngf3 Qf4 31. Nb3 Bd6 32. e5 Bf5 33. Qd4
Qxd4 34. Nbxd4 1-0

[Event "3. Campeonato de la Unión Europea"]
[Site "Arvier ITA"]
[Date "2007.06.15"]
[Round "1.2"]
[White "Battistella, Stefano"]
[Black "Sedlak, Nikola"]
[Result "0-1"]
[WhiteElo "2068"]
[BlackElo "2575"]
[PlyCount "58"]
[EventDate "2007.06.15"]
[EventType "swiss"]
[EventRounds "10"]
[EventCountry "ITA"]
[Source "lmi"]
[SourceDate "2007.06.15"]

1. d4 e6 2. Nf3 f5 3. e4 fxe4 4. Ng5 Nf6 5. f3 c5 6. fxe4 cxd4 7. Bd3 Nc6 8.
O-O Ne5 9. Bf4 Bd6 10. Na3 O-O 11. Nc4 Nxc4 12. Bxc4 Bxf4 13. Rxf4 Qc7 14. Qf1
d3 15. Qf2 dxc2 16. Rc1 Qxc4 17. e5 Qd5 18. exf6 Qxg5 19. h4 Qg6 20. h5 Qxh5
21. fxg7 Rxf4 22. Qxf4 Qf5 23. Qb4 Kxg7 24. Qe7+ Kg6 25. Qe8+ Kh6 26. Qe7 b6
27. Qh4+ Kg6 28. Qg3+ Kf7 29. Rf1 Qxf1+ 0-1

[Event "3. Campeonato de la Unión Europea"]
[Site "Arvier ITA"]
[Date "2007.06.15"]
[Round "1.3"]
[White "Agrest, Evgenij"]
[Black "Miatello, Alberto"]
[Result "1-0"]
[WhiteElo "2561"]
[BlackElo "2062"]
[PlyCount "55"]
[EventDate "2007.06.15"]
[EventType "swiss"]
[EventRounds "10"]
[EventCountry "ITA"]
[Source "lmi"]
[SourceDate "2007.06.15"]

1. Nf3 Nf6 2. c4 g6 3. Nc3 Bg7 4. d4 d6 5. Bg5 h6 6. Bh4 g5 7. Bg3 O-O 8. e3 c5
9. d5 Qa5 10. Nd2 a6 11. a4 Bf5 12. Ra3 Nbd7 13. Be2 Ne4 14. Ndxe4 Bxe4 15. O-O
Bh7 16. f4 f5 17. Bd3 Bxc3 18. Rxc3 g4 19. e4 h5 20. exf5 Bxf5 21. Bxf5 Rxf5
22. h3 gxh3 23. Be1 Qd8 24. Rg3+ Kf8 25. Qc2 Rf7 26. Qg6 Nf6 27. Bc3 Qd7 28.
Bxf6 1-0

[Event "3. Campeonato de la Unión Europea"]
[Site "Arvier ITA"]
[Date "2007.06.15"]
[Round "1.4"]
[White "Astengo, Marcello"]
[Black "Godena, Michele"]
[Result "0-1"]
[WhiteElo "2061"]
[BlackElo "2558"]
[PlyCount "51"]
[EventDate "2007.06.15"]
[EventType "swiss"]
[EventRounds "10"]
[EventCountry "ITA"]
[Source "lmi"]
[SourceDate "2007.06.15"]

1. d4 d5 2. c4 e6 3. Nc3 Bb4 4. Nf3 Ne7 5. Bg5 f6 6. Bd2 dxc4 7. Qa4+ Nbc6 8.
a3 Bxc3 9. bxc3 Qd5 10. Qc2 f5 11. Bf4 b5 12. g3 Bb7 13. Bg2 Na5 14. Rb1 Qd7
15. Ne5 Qc8 16. Bxb7 Qxb7 17. O-O Nb3 18. Rfe1 O-O 19. e4 fxe4 20. Rxe4 Nd5 21.
Bg5 Rf5 22. Rh4 g6 23. Bh6 c5 24. g4 Nf4 25. Bxf4 Rxf4 26. Rxh7 0-1

[Event "3. Campeonato de la Unión Europea"]
[Site "Arvier ITA"]
[Date "2007.06.15"]
[Round "1.5"]
[White "Sulava, Nenad"]
[Black "Gorse, Gerard"]
[Result "1/2-1/2"]
[WhiteElo "2549"]
[BlackElo "2058"]
[PlyCount "150"]
[EventDate "2007.06.15"]
[EventType "swiss"]
[EventRounds "10"]
[EventCountry "ITA"]
[Source "lmi"]
[SourceDate "2007.06.15"]

1. Nf3 c5 2. c4 Nc6 3. Nc3 e5 4. e3 Nf6 5. a3 Be7 6. d4 exd4 7. exd4 cxd4 8.
Nxd4 d5 9. cxd5 Nxd5 10. Nxc6 bxc6 11. Nxd5 Qxd5 12. Qxd5 cxd5 13. Be3 Bf6 14.
O-O-O O-O 15. Bd4 Bg5+ 16. Kb1 a5 17. Bd3 Be6 18. Rhf1 Bf4 19. Ka2 Rfc8 20. g3
Bd6 21. Rc1 g6 22. b3 Rab8 23. Ba6 Re8 24. Rfe1 Bf5 25. f3 Kf8 26. Rxe8+ Kxe8
27. a4 Ke7 28. Bb5 Rc8 29. Re1+ Be6 30. Kb2 Bb4 31. Re3 Kd6 32. Ba6 Rd8 33. g4
Bc5 34. Be5+ Ke7 35. Rc3 Bd6 36. Bd4 Ra8 37. Rc6 Bxh2 38. g5 Bd7 39. Bf6+ Ke8
40. Rc2 Rxa6 41. Rxh2 Rb6 42. Bd4 Rb7 43. Ka3 Bf5 44. Bc3 Ra7 45. Rxh7 Ke7 46.
Rh8 Bd7 47. Rb8 Bc6 48. Bd4 Rb7 49. Rxb7+ Bxb7 50. Bc3 d4 51. Bxd4 Bxf3 52. Bc3
Ke6 53. Bf6 Kd7 54. Bc3 Ke6 55. Kb2 Bd5 56. Bd4 Ke7 57. Kc3 Ke6 58. Bf6 Kd7 59.
Kb2 Be4 60. Bc3 Ke6 61. Ka3 Bd5 62. Bxa5 f6 63. gxf6 Kxf6 64. b4 Ke6 65. b5 Kd7
66. Kb4 Kc8 67. Bb6 Kb7 68. Bf2 Bf3 69. Kc5 Be2 70. Bg3 Bf1 71. Bf4 Be2 72. Be3
Bf1 73. Kd6 Be2 74. Kc5 Bf1 75. a5 Bxb5 1/2-1/2

[Event "3. Campeonato de la Unión Europea"]
[Site "Arvier ITA"]
[Date "2007.06.15"]
[Round "1.6"]
[White "Tate, Alan"]
[Black "Baburin, Alexander"]
[Result "0-1"]
[WhiteElo "2058"]
[BlackElo "2545"]
[PlyCount "86"]
[EventDate "2007.06.15"]
[EventType "swiss"]
[EventRounds "10"]
[EventCountry "ITA"]
[Source "lmi"]
[SourceDate "2007.06.15"]

1. e4 Nf6 2. e5 Nd5 3. d4 d6 4. c4 Nb6 5. exd6 exd6 6. Nc3 Nc6 7. Be2 Be7 8.
Nf3 O-O 9. O-O Bg4 10. b3 Bf6 11. Be3 d5 12. c5 Nc8 13. h3 Be6 14. Bd3 g6 15.
Rc1 Bg7 16. Ne2 N8e7 17. g4 Qd7 18. Nf4 h6 19. Re1 g5 20. Nxe6 fxe6 21. Bb1 Rf7
22. b4 Raf8 23. b5 Rxf3 24. bxc6 Nxc6 25. Kg2 e5 26. dxe5 Bxe5 27. Re2 Qf7 28.
Bf5 Rxf5 29. gxf5 d4 30. Bd2 Qxf5 31. Qb3+ Kh7 32. f3 Bg7 33. Rf1 Ne5 34. Qxb7
c6 35. Ref2 Rf7 36. Qb1 d3 37. Qb4 Ng6 38. Qe4 Qd7 39. Kh2 Bd4 40. Rg2 Re7 41.
Qg4 Qxg4 42. Rxg4 Re2+ 43. Rg2 Nh4 0-1

[Event "3. Campeonato de la Unión Europea"]
[Site "Arvier ITA"]
[Date "2007.06.15"]
[Round "1.7"]
[White "Sulskis, Sarunas"]
[Black "Marozzi, Giovanni"]
[Result "1-0"]
[WhiteElo "2533"]
[BlackElo "2055"]
[PlyCount "29"]
[EventDate "2007.06.15"]
[EventType "swiss"]
[EventRounds "10"]
[EventCountry "ITA"]
[Source "lmi"]
[SourceDate "2007.06.15"]

1. e4 c6 2. d4 d5 3. e5 Bf5 4. Be3 e6 5. Nd2 h5 6. Ngf3 Bg4 7. h3 Bxf3 8. Qxf3
g6 9. c4 Bh6 10. cxd5 Bxe3 11. Nc4 Bxf2+ 12. Qxf2 Rh7 13. Nd6+ Ke7 14. dxe6
fxe6 15. Bd3 1-0

[Event "3. Campeonato de la Unión Europea"]
[Site "Arvier ITA"]
[Date "2007.06.15"]
[Round "1.10"]
[White "Motzer, Heinrich"]
[Black "Cebalo, Miso"]
[Result "0-1"]
[WhiteElo "2021"]
[BlackElo "2491"]
[PlyCount "92"]
[EventDate "2007.06.15"]
[EventType "swiss"]
[EventRounds "10"]
[EventCountry "ITA"]
[Source "lmi"]
[SourceDate "2007.06.15"]

1. e4 c5 2. Nf3 d6 3. d4 cxd4 4. Nxd4 Nf6 5. Nc3 g6 6. Bc4 Bg7 7. h3 O-O 8. O-O
Nc6 9. Be3 Bd7 10. Bb3 a6 11. f4 b5 12. a3 Rc8 13. Nf3 Na5 14. Qd3 Nxb3 15.
cxb3 Bc6 16. Rad1 Qc7 17. Rfe1 Qb7 18. Bc1 b4 19. Nd5 bxa3 20. bxa3 Nxe4 21.
Rxe4 Bxd5 22. Qxd5 Qxd5 23. Rxd5 Rxc1+ 24. Kh2 Bf6 25. Ra4 Rb8 26. b4 Rb6 27.
Rda5 Rcc6 28. Nd2 e6 29. Ne4 Be7 30. Kg3 h6 31. Kf3 f5 32. Nd2 Kf7 33. Ke3 Bf6
34. Nf3 Ke7 35. b5 Rxb5 36. Rxa6 Rb3+ 37. Kf2 Rb2+ 38. Kg1 Rxa6 39. Rxa6 g5 40.
Ra7+ Ke8 41. Rh7 gxf4 42. Rxh6 Kf7 43. Rh7+ Kg6 44. Rd7 Rb6 45. Nd2 Bd4+ 46.
Kh2 Bf2 0-1

[Event "3. Campeonato de la Unión Europea"]
[Site "Arvier ITA"]
[Date "2007.06.15"]
[Round "1.11"]
[White "Likavsky, Tomas"]
[Black "Occhipinti, Massimo"]
[Result "1-0"]
[WhiteElo "2485"]
[BlackElo "2020"]
[PlyCount "69"]
[EventDate "2007.06.15"]
[EventType "swiss"]
[EventRounds "10"]
[EventCountry "ITA"]
[Source "lmi"]
[SourceDate "2007.06.15"]

1. d4 Nf6 2. c4 g6 3. Nc3 Bg7 4. e4 d6 5. Be2 O-O 6. Nf3 Nbd7 7. O-O e5 8. Qc2
c6 9. Rd1 Qc7 10. Rb1 Re8 11. b4 Nf8 12. Bb2 Ne6 13. dxe5 dxe5 14. g3 Nd7 15.
c5 Ndf8 16. Na4 Nd4 17. Nxd4 exd4 18. Bxd4 Bxd4 19. Rxd4 Qe5 20. Rbd1 Ne6 21.
Rd6 Ng5 22. Nc3 Nh3+ 23. Kg2 g5 24. Qd2 g4 25. Qd4 Qh5 26. f4 gxf3+ 27. Bxf3
Qg5 28. e5 Bf5 29. Re1 Re6 30. Ne4 Bxe4 31. Rxe4 Rg6 32. Kxh3 Re8 33. Kg2 Qe7
34. Bh5 Rg7 35. e6 1-0

[Event "3. Campeonato de la Unión Europea"]
[Site "Arvier ITA"]
[Date "2007.06.15"]
[Round "1.12"]
[White "Turturici, Pellegrino"]
[Black "Okhotnik, Vladimir"]
[Result "0-1"]
[WhiteElo "2010"]
[BlackElo "2484"]
[PlyCount "68"]
[EventDate "2007.06.15"]
[EventType "swiss"]
[EventRounds "10"]
[EventCountry "ITA"]
[Source "lmi"]
[SourceDate "2007.06.15"]

1. Nf3 g6 2. g3 Bg7 3. Bg2 c5 4. c4 Nc6 5. Nc3 d6 6. d3 Bg4 7. h3 Bd7 8. Bg5 h6
9. Be3 Nd4 10. Bxd4 cxd4 11. Ne4 d5 12. cxd5 Qa5+ 13. Qd2 Qxd5 14. Nh4 Qb5 15.
Rc1 Bc6 16. Rc5 Qb6 17. Qc1 Rd8 18. O-O e6 19. Qc2 Ne7 20. a4 a5 21. Rc1 O-O
22. g4 Nd5 23. Qd2 g5 24. Nf3 Nf4 25. R5c4 Bxe4 26. dxe4 d3 27. exd3 Nxd3 28.
Qe2 Nxc1 29. Rxc1 Rc8 30. Re1 Qxb2 31. e5 Qxe2 32. Rxe2 Rc4 33. Nd2 Rxa4 34.
Bxb7 Ra2 0-1

[Event "3. Campeonato de la Unión Europea"]
[Site "Arvier ITA"]
[Date "2007.06.15"]
[Round "1.13"]
[White "D'Amore, Carlo"]
[Black "Marguerettaz, Davy"]
[Result "1-0"]
[WhiteElo "2476"]
[BlackElo "2005"]
[PlyCount "75"]
[EventDate "2007.06.15"]
[EventType "swiss"]
[EventRounds "10"]
[EventCountry "ITA"]
[Source "lmi"]
[SourceDate "2007.06.15"]

1. Nf3 Nf6 2. g3 d5 3. Bg2 c5 4. O-O Nc6 5. d3 e6 6. Nbd2 Be7 7. e4 O-O 8. Re1
dxe4 9. dxe4 Qc7 10. c3 Rd8 11. Qc2 b6 12. e5 Nd5 13. a3 Bf8 14. Ne4 Nde7 15.
Neg5 Ng6 16. h4 Ba6 17. c4 Be7 18. Nxh7 Kxh7 19. h5 Rf8 20. Qe4 Bb7 21. Bg5
Ncxe5 22. hxg6+ Nxg6 23. Qg4 Bxf3 24. Bxf3 Bxg5 25. Qxg5 Rad8 26. Be4 Qd7 27.
Kg2 Qd2 28. Re3 Qxb2 29. Rh1+ Kg8 30. Qh5 f5 31. Qxg6 fxe4 32. Qh7+ Kf7 33.
Qxe4 Qf6 34. Rf3 Ke7 35. Rxf6 Rxf6 36. Re1 Rdf8 37. Qb7+ Ke8 38. Re2 1-0

[Event "3. Campeonato de la Unión Europea"]
[Site "Arvier ITA"]
[Date "2007.06.15"]
[Round "1.14"]
[White "Chierici, Marianna"]
[Black "Llaneza Vega, Marcos"]
[Result "1-0"]
[WhiteElo "1996"]
[BlackElo "2455"]
[PlyCount "139"]
[EventDate "2007.06.15"]
[EventType "swiss"]
[EventRounds "10"]
[EventCountry "ITA"]
[Source "lmi"]
[SourceDate "2007.06.15"]

1. e4 c5 2. c3 b6 3. d4 Bb7 4. Bd3 Nf6 5. Nd2 cxd4 6. cxd4 Nc6 7. Ngf3 Nb4 8.
Bb1 Qc7 9. O-O Ba6 10. Re1 Rc8 11. Qa4 e6 12. d5 b5 13. Qb3 Nc2 14. Bxc2 Qxc2
15. Nd4 Qc5 16. N2f3 e5 17. Nf5 g6 18. Bg5 Ng4 19. Ne3 Nxe3 20. Bxe3 Qd6 21.
Rac1 Rc7 22. Rxc7 Qxc7 23. Rc1 Qb8 24. Qc3 Bd6 25. Qa5 Qb7 26. b4 O-O 27. Rc3
f5 28. Ra3 fxe4 29. Nd2 Qxd5 30. Bh6 Rc8 31. Rc3 Be7 32. Rxc8+ Bxc8 33. Qc7 Bb7
34. Nf1 Kf7 35. h3 Qc6 36. Qxe5 Qf6 37. Qxb5 Bc6 38. Qe2 g5 39. Qc4+ d5 40. Qa6
Kg6 41. Ne3 Qe6 42. Ng4 Bd7 43. Qxa7 Bxb4 44. Qxd7 Qxd7 45. Ne5+ Kxh6 46. Nxd7
Kg6 47. g4 Kf7 48. Kf1 Ke6 49. Nb6 Ke5 50. a4 Kd4 51. Ke2 Ba5 52. Nd7 Kc3 53.
Nf6 Kc4 54. f3 Bd8 55. Nd7 exf3+ 56. Kxf3 Kc3 57. Ne5 Kc2 58. Nc6 Bc7 59. a5
Bxa5 60. Nxa5 d4 61. Nc4 Kc3 62. Na3 d3 63. Ke3 h6 64. Nb1+ Kc2 65. Nd2 Kc3 66.
Ne4+ Kc2 67. Kd4 d2 68. Nxd2 Kxd2 69. Ke4 Ke2 70. Kf5 1-0

[Event "3. Campeonato de la Unión Europea"]
[Site "Arvier ITA"]
[Date "2007.06.15"]
[Round "1.15"]
[White "Brunello, Sabino"]
[Black "Campbell, Ian"]
[Result "1-0"]
[WhiteElo "2454"]
[BlackElo "1996"]
[PlyCount "69"]
[EventDate "2007.06.15"]
[EventType "swiss"]
[EventRounds "10"]
[EventCountry "ITA"]
[Source "lmi"]
[SourceDate "2007.06.15"]

1. e4 Nf6 2. e5 Nd5 3. d4 d6 4. Nf3 g6 5. Be2 Bg7 6. O-O c6 7. c4 Nc7 8. Nc3
dxe5 9. dxe5 Qxd1 10. Rxd1 Nd7 11. Bf4 Ne6 12. Bg3 O-O 13. b4 Re8 14. a3 h6 15.
Ra2 a5 16. Rad2 Ndf8 17. Ne1 axb4 18. axb4 g5 19. Nd3 Ng6 20. Ne4 Nef4 21. Nec5
b6 22. Bxf4 gxf4 23. Bf3 bxc5 24. Bxc6 Be6 25. Nxc5 Bxc4 26. e6 fxe6 27. b5 Ne5
28. Bxa8 Rxa8 29. Rd8+ Rxd8 30. Rxd8+ Kf7 31. b6 Bd5 32. b7 Nc6 33. Nd7 Bd4 34.
Rc8 Ba7 35. Rxc6 1-0

[Event "3. Campeonato de la Unión Europea"]
[Site "Arvier ITA"]
[Date "2007.06.15"]
[Round "1.16"]
[White "Antoniacci, Riccardo"]
[Black "Vocaturo, Daniele"]
[Result "0-1"]
[WhiteElo "1995"]
[BlackElo "2450"]
[PlyCount "88"]
[EventDate "2007.06.15"]
[EventType "swiss"]
[EventRounds "10"]
[EventCountry "ITA"]
[Source "lmi"]
[SourceDate "2007.06.15"]

1. e4 c5 2. Nf3 d6 3. d4 cxd4 4. Nxd4 Nf6 5. Nc3 a6 6. Bc4 e6 7. Bb3 Nbd7 8.
Be3 Nc5 9. f3 b5 10. Qd2 Qc7 11. O-O-O b4 12. Ba4+ Nxa4 13. Nxa4 Bd7 14. Qxb4
Rb8 15. Qc3 Qb7 16. Nb6 Qxb6 17. Nxe6 fxe6 18. Bxb6 Rxb6 19. g4 Be7 20. h4 O-O
21. g5 Ne8 22. f4 d5 23. Qe3 Rb5 24. exd5 Bc5 25. Qd2 Nd6 26. Rhe1 Rfb8 27. b3
Ba3+ 28. Kb1 exd5 29. Re7 Nc4 30. Rxd7 Nxd2+ 31. Rxd2 Rf8 32. Rd4 Rb4 33. R7xd5
Rxf4 34. c4 Rf1+ 35. Kc2 Rb8 36. Re4 Ra1 37. Re6 Rxa2+ 38. Kc3 Bb2+ 39. Kc2
Ba3+ 40. Kc3 Bb4+ 41. Kd3 Bf8 42. c5 Rxb3+ 43. Kc4 Rb5 44. Rxa6 Rxc5+ 0-1

[Event "3. Campeonato de la Unión Europea"]
[Site "Arvier ITA"]
[Date "2007.06.15"]
[Round "1.17"]
[White "Bruno, Fabio"]
[Black "Pipitone, Antonio"]
[Result "1-0"]
[WhiteElo "2428"]
[BlackElo "1994"]
[PlyCount "129"]
[EventDate "2007.06.15"]
[EventType "swiss"]
[EventRounds "10"]
[EventCountry "ITA"]
[Source "lmi"]
[SourceDate "2007.06.15"]

1. d4 Nf6 2. Nf3 g6 3. Bf4 d6 4. e3 Bg7 5. Be2 Nbd7 6. O-O O-O 7. h3 c5 8. Nc3
cxd4 9. exd4 Nb6 10. d5 Bf5 11. Qd2 Rc8 12. Bh6 Bxh6 13. Qxh6 Nbxd5 14. Nxd5
Nxd5 15. Rad1 Nf6 16. Rd4 Rxc2 17. Ng5 Qa5 18. Rh4 Qd2 19. Bf3 Rfc8 20. Kh2
R8c4 21. Rxc4 Rxc4 22. Rd1 Qxf2 23. Bd5 Qf4+ 24. Kh1 Be6 25. Bxc4 Bxc4 26. b3
Bb5 27. Nxf7 Qxh6 28. Nxh6+ Kg7 29. Ng4 Nxg4 30. hxg4 Kf6 31. g5+ Kg7 32. Kg1
Bc6 33. Kf2 h6 34. gxh6+ Kxh6 35. Re1 e5 36. Rd1 d5 37. Re1 e4 38. Ke3 a6 39.
Rf1 Kg7 40. Kd4 g5 41. a4 Kg6 42. g4 Kg7 43. Ke5 Kg6 44. Rd1 Kg7 45. Kf5 e3 46.
Ke5 Bd7 47. Re1 Bxg4 48. Rxe3 Bd7 49. Rd3 Kg6 50. Rxd5 Bh3 51. Rd8 g4 52. Rg8+
Kf7 53. Rg5 Ke8 54. Rg7 Kd8 55. Rxb7 g3 56. Rg7 g2 57. Kd4 Kc8 58. Kc5 a5 59.
Kd6 Kb8 60. Kc6 Bc8 61. Kb6 Be6 62. Rxg2 Bxb3 63. Rg3 Be6 64. Re3 Bd7 65. Kxa5
1-0

[Event "3. Campeonato de la Unión Europea"]
[Site "Arvier ITA"]
[Date "2007.06.15"]
[Round "1.19"]
[White "Piscopo, Pierluigi"]
[Black "Frank, Albert"]
[Result "1-0"]
[WhiteElo "2392"]
[BlackElo "1987"]
[PlyCount "91"]
[EventDate "2007.06.15"]
[EventType "swiss"]
[EventRounds "10"]
[EventCountry "ITA"]
[Source "lmi"]
[SourceDate "2007.06.15"]

1. e4 e6 2. d3 d5 3. Qe2 d4 4. g3 Nf6 5. Bg2 Nc6 6. f4 e5 7. f5 Be7 8. Nh3 h6
9. O-O Nh7 10. Nd2 a5 11. Nf3 Ng5 12. Nfxg5 Bxg5 13. Nxg5 hxg5 14. Qg4 Nb4 15.
Bxg5 f6 16. Bd2 g5 17. Rac1 Bd7 18. a3 Nc6 19. h4 gxh4 20. Qg7 Rf8 21. gxh4 Rf7
22. Qg3 Qe7 23. Kf2 O-O-O 24. Bf3 Rg7 25. Qh2 Rh8 26. h5 Be8 27. h6 Bf7 28. Bh5
Rgg8 29. Rg1 Qe8 30. Rxg8 Rxg8 31. Bxf7 Qxf7 32. Rg1 Rh8 33. Qh4 Ne7 34. Bxa5
Ng8 35. Bd2 Qf8 36. Rg6 Rh7 37. Ke2 c5 38. b3 Qf7 39. a4 Kd7 40. Kf2 b6 41.
Rxg8 Qxg8 42. Qxf6 Re7 43. Bg5 Re8 44. Qg6 Qxg6 45. fxg6 Ke6 46. h7 1-0

[Event "3. Campeonato de la Unión Europea"]
[Site "Arvier ITA"]
[Date "2007.06.15"]
[Round "1.20"]
[White "Foisor, Mihaela Veronica"]
[Black "Foisor, Cristina Adela"]
[Result "0-1"]
[WhiteElo "1980"]
[BlackElo "2384"]
[PlyCount "78"]
[EventDate "2007.06.15"]
[EventType "swiss"]
[EventRounds "10"]
[EventCountry "ITA"]
[Source "lmi"]
[SourceDate "2007.06.15"]

1. d4 Nf6 2. c4 c6 3. Nc3 d5 4. e3 g6 5. Nf3 Bg7 6. Be2 O-O 7. O-O a6 8. b4 Bg4
9. Ne5 Bxe2 10. Qxe2 Nbd7 11. Nf3 b5 12. cxb5 cxb5 13. a4 Qc8 14. Bb2 Qc4 15.
Qxc4 bxc4 16. b5 Rfb8 17. Ba3 Bf8 18. h3 e6 19. Bxf8 Kxf8 20. Rfb1 Ke7 21. Kf1
Kd6 22. Ke2 h6 23. Kd2 Ne4+ 24. Nxe4+ dxe4 25. Ng1 axb5 26. axb5 Rxb5 27. Ne2
Rxb1 28. Rxb1 Ra2+ 29. Kd1 f5 30. Rc1 Nb6 31. Rc2 Rxc2 32. Kxc2 Nd5 33. Kb2 g5
34. g3 Kc6 35. Kc2 Kb5 36. Kb2 Kb4 37. Kc2 c3 38. Nc1 Kc4 39. Ne2 Nb4+ 0-1

[Event "3. Campeonato de la Unión Europea"]
[Site "Arvier ITA"]
[Date "2007.06.15"]
[Round "1.21"]
[White "Zimina, Olga"]
[Black "Colombrini, Adolfo"]
[Result "1-0"]
[WhiteElo "2377"]
[BlackElo "1972"]
[PlyCount "35"]
[EventDate "2007.06.15"]
[EventType "swiss"]
[EventRounds "10"]
[EventCountry "ITA"]
[Source "lmi"]
[SourceDate "2007.06.15"]

1. e4 e6 2. d4 d5 3. Nd2 dxe4 4. Nxe4 Nd7 5. Nf3 Ngf6 6. Bd3 Nxe4 7. Bxe4 Nf6
8. Bd3 c5 9. O-O Bd7 10. Qe2 Be7 11. Ne5 O-O 12. dxc5 Bxc5 13. Bg5 h6 14. Bxf6
gxf6 15. Qg4+ Kh8 16. Qh5 f5 17. Qxh6+ Kg8 18. Rad1 1-0

[Event "3. Campeonato de la Unión Europea"]
[Site "Arvier ITA"]
[Date "2007.06.15"]
[Round "1.22"]
[White "Frontini, Fabio"]
[Black "Rombaldoni, Denis"]
[Result "0-1"]
[WhiteElo "1965"]
[BlackElo "2368"]
[PlyCount "91"]
[EventDate "2007.06.15"]
[EventType "swiss"]
[EventRounds "10"]
[EventCountry "ITA"]
[Source "lmi"]
[SourceDate "2007.06.15"]

1. e4 c6 2. Nc3 d5 3. Qf3 e6 4. d4 dxe4 5. Nxe4 Qxd4 6. Bd3 f5 7. Nc3 Nf6 8.
Be3 Qg4 9. h3 Qxf3 10. Nxf3 Bb4 11. a3 Bxc3+ 12. bxc3 Nd5 13. Bd2 c5 14. Ne5
O-O 15. f4 Nd7 16. Nxd7 Bxd7 17. g4 Bc6 18. Rg1 Nf6 19. gxf5 exf5 20. O-O-O Bf3
21. Rde1 Be4 22. Bc4+ Kh8 23. Rg5 a6 24. Reg1 b5 25. Be6 g6 26. Be3 c4 27. Bc5
Kg7 28. Bxf5 Bxf5 29. Rxf5 Rfe8 30. Bd4 Re6 31. Rc5 Rae8 32. f5 Rd6 33. fxg6
hxg6 34. Rcg5 Kf7 35. Rxg6 Re1+ 36. Rxe1 Kxg6 37. Re5 Nd7 38. Re7 Nf8 39. Rg7+
Kh6 40. Ra7 Ne6 41. Be3+ Kg6 42. Rb7 Kf5 43. Rb6 Rxb6 44. Bxb6 Nf4 45. h4 Nd5
46. Kb2 0-1

[Event "3. Campeonato de la Unión Europea"]
[Site "Arvier ITA"]
[Date "2007.06.15"]
[Round "1.23"]
[White "Calzetta, Monica"]
[Black "Bossoni, Mario"]
[Result "1-0"]
[WhiteElo "2340"]
[BlackElo "1964"]
[PlyCount "114"]
[EventDate "2007.06.15"]
[EventType "swiss"]
[EventRounds "10"]
[EventCountry "ITA"]
[Source "lmi"]
[SourceDate "2007.06.15"]

1. e4 c5 2. Nf3 e6 3. d4 cxd4 4. Nxd4 Nf6 5. Nc3 d6 6. g4 e5 7. Bb5+ Nbd7 8.
Nf5 a6 9. Bxd7+ Bxd7 10. Bg5 Bxf5 11. gxf5 Be7 12. Rg1 Rc8 13. Bxf6 Bxf6 14.
Nd5 h6 15. Qd3 O-O 16. O-O-O Rc6 17. Kb1 Kh7 18. Rg4 Rg8 19. Rdg1 Rc5 20. Qh3
Rxd5 21. exd5 Qa5 22. Qb3 b5 23. a4 Rc8 24. axb5 axb5 25. Qd3 Ra8 26. c3 Kh8
27. Kc2 Qb6 28. Qg3 Rg8 29. Rb4 Qc5 30. Rd1 Rc8 31. Kb1 Rb8 32. Qe3 Qc8 33. Qd3
Qc5 34. Qe3 Qc7 35. Kc2 Bg5 36. Qe2 Qa5 37. Qh5 Rc8 38. Kb1 Kg8 39. Qe2 Rb8 40.
Rg1 Bf6 41. Rgg4 Ra8 42. Rxb5 Qa1+ 43. Kc2 Bg5 44. Qd1 Qa7 45. Qf1 Qd7 46. Qd3
Ra1 47. Rb8+ Kh7 48. f6+ g6 49. Rgb4 Qa7 50. R8b7 Qxf2+ 51. Kb3 Qxf6 52. Rd7
Ra8 53. Rbb7 Rf8 54. Qa6 Qf3 55. Qxd6 Qd1+ 56. Kb4 Qg4+ 57. c4 Qf5 1-0

[Event "3. Campeonato de la Unión Europea"]
[Site "Arvier ITA"]
[Date "2007.06.15"]
[Round "1.24"]
[White "Brunello, Roberta"]
[Black "Foisor, Sabina Francesca"]
[Result "1-0"]
[WhiteElo "1953"]
[BlackElo "2333"]
[PlyCount "85"]
[EventDate "2007.06.15"]
[EventType "swiss"]
[EventRounds "10"]
[EventCountry "ITA"]
[Source "lmi"]
[SourceDate "2007.06.15"]

1. e4 c5 2. Nf3 g6 3. d4 Bg7 4. c4 d6 5. Nc3 Bg4 6. dxc5 Bxc3+ 7. bxc3 Bxf3 8.
Qxf3 dxc5 9. e5 Nc6 10. Bf4 Qc8 11. Bd3 Qe6 12. O-O Nxe5 13. Qxb7 Rd8 14. Rfe1
Qd7 15. Qxd7+ Nxd7 16. Be4 Ngf6 17. Bc6 Rc8 18. Bb7 Rd8 19. Bc7 e6 20. Rab1 Nb6
21. Bxd8 Kxd8 22. Rb5 Kc7 23. Bf3 Nfd7 24. a4 a6 25. Ra5 Nb8 26. Rxc5+ Kd6 27.
Ra5 Nxc4 28. Rd1+ Ke7 29. Rc5 Nb6 30. a5 N6d7 31. Rc7 Kd8 32. Ra7 Kc8 33. Bb7+
Kc7 34. Bxa6+ Kc6 35. c4 Ne5 36. Bb5+ Kc5 37. Rc7+ Nec6 38. a6 Kb6 39. Rb7+ Kc5
40. a7 Nxa7 41. Rxa7 f5 42. Rc7+ Kb6 43. Re7 1-0

[Event "3. Campeonato de la Unión Europea"]
[Site "Arvier ITA"]
[Date "2007.06.15"]
[Round "1.25"]
[White "Castaldo, Folco"]
[Black "Giacometto, Mario"]
[Result "1-0"]
[WhiteElo "2330"]
[BlackElo "1931"]
[PlyCount "49"]
[EventDate "2007.06.15"]
[EventType "swiss"]
[EventRounds "10"]
[EventCountry "ITA"]
[Source "lmi"]
[SourceDate "2007.06.15"]

1. d4 d6 2. g3 g6 3. Bg2 Bg7 4. Nc3 e5 5. dxe5 dxe5 6. Qxd8+ Kxd8 7. f4 c6 8.
Nf3 Nd7 9. fxe5 Nxe5 10. Bg5+ Ke8 11. O-O-O Bf5 12. Nd4 Bh6 13. Bf4 Bxf4+ 14.
gxf4 Ng4 15. e4 Ne3 16. exf5 Nxg2 17. Ne4 Rd8 18. Rd2 Rd5 19. c4 Rd7 20. Nc5
Rd8 21. Nxb7 Rd7 22. Nc5 Rd8 23. Re2+ Kf8 24. Nde6+ fxe6 25. Nxe6+ 1-0

[Event "3. Campeonato de la Unión Europea"]
[Site "Arvier ITA"]
[Date "2007.06.15"]
[Round "1.26"]
[White "Bisignano, Giuseppe"]
[Black "Cocchi, Andrea"]
[Result "0-1"]
[WhiteElo "1928"]
[BlackElo "2321"]
[PlyCount "68"]
[EventDate "2007.06.15"]
[EventType "swiss"]
[EventRounds "10"]
[EventCountry "ITA"]
[Source "lmi"]
[SourceDate "2007.06.15"]

1. e4 e5 2. Nf3 Nc6 3. Bb5 Nf6 4. O-O Nxe4 5. d4 Nd6 6. Bxc6 dxc6 7. dxe5 Nf5
8. Qxd8+ Kxd8 9. Nc3 Bd7 10. Bf4 Kc8 11. a4 a5 12. Ne2 Bc5 13. c3 h6 14. Bd2
Rd8 15. b4 Bf8 16. h3 Be6 17. Rfe1 c5 18. bxa5 Bd5 19. Nh2 Bc4 20. Bf4 Rxa5 21.
g4 Ne7 22. Bg3 Rd3 23. Nf4 Rxc3 24. e6 g5 25. exf7 gxf4 26. Bh4 Ng6 27. Rad1
Rd3 28. Rxd3 Bxd3 29. Re8+ Kd7 30. Rd8+ Ke6 31. Nf3 c4 32. g5 Kxf7 33. gxh6
Nxh4 34. Rd7+ Ke8 0-1